| 000 | 00592nam a2200217Ia 4500 | ||
|---|---|---|---|
| 001 | 8433 | ||
| 008 | 191030s1997 ii a g b000 u 465 u | ||
| 020 | _a81-225-0009-9 | ||
| 082 | _a573 | ||
| 100 | _aDas, B.M. . | ||
| 245 | 0 |
_aOutlines of Physical Anthropology / _cB.M. Das. _hTextual Documents |
|
| 250 | _a30th ed. / | ||
| 260 |
_aAllahabad : _bKitab mahal , _c1997. |
||
| 300 |
_aiv, 399p. : _bill. ; _c22cm. . |
||
| 504 | _aIndex | ||
| 653 | _aAnthropology, Physical | ||
| 653 | _aPhysical Anthropology | ||
| 653 | _aG-Anthropology | ||
| 653 | _aT/G-Anthropology | ||
| 942 |
_2ddc _cBK |
||
| 999 |
_c8420 _d8420 |
||